00657nas a2200229 4500001001000000003000900010005001700019007000300036008003400039040005400073041000900127072000800136100001400144100002400158100002300182245003600205650001000241650002200251650001600273650002300289773011500312BR0104137BR-BrBNA20231205102413.0ta230509b bl.|||p| |||| 00| 00por d aBR-BrBNAbporcBiblioteca Nacional de Agricultura a(Pt) aF301 aBered, F.1 aCarvalho, F.I.F. de1 aBarbosa Neto, J.F.1 aVariabilidade genetica em trigo aTrigo aVariacao Genetica aGermoplasma aMarcador Molecular0 tBiotecnologia Ciencia e Desenvolvimento (Brazil)xISSN 1414-4522g(May-Jun 2000), v. 3(14) p. 22-25wBR0104137